Men's team of the year on FC 24 (TOTY) - Statistiques

Statistiques générales
  • Ce quiz a été pris 57 fois
    44 depuis la dernière actualisation
  • Le résultat moyen est 3 sur 12
Statistiques - réponses
Hint Réponse % Correct
CB 96 Virgil Van Dijk
69%
G 95 Alisson
66%
CDM 95 Rodri
54%
CAM 96 Jude Bellingham
23%
CB 95 Ruben Dias
23%
ST 97 Erling Haaland
20%
LW 97 Kylian Mbappé
20%
CM 96 Kevin De Bruyne
14%
12e 95 Cristiano Ronaldo
11%
RW 97 Lionel Messi
11%
LB 94 Theo Hernandez
9%
RB 94 Jeremie Frimpong
6%
Aucun quiz correspondant
Distribution des résultats
% des personnes avec chaque résultat
Percentile par nombre de réponses
Votre historique - résultats
Vous n’avez pas pris ce quiz depuis la dernière actualisation